00630 2200253 4500001002100000005001500021035002000036007000300056008004100059040002200100082001400122084001600136100003200152245003600184300002500220500001100245650001400256850001200270264003900282336001500321337001300336338001500349990001200364INLIS00000000089036620240903010827 a0010-0924000016ta240903s1986 vp g 1 ind d aYOPDYOGbinderda04223a523.1 a523.1 BER t1 aBergamini, Davidepengarang31aThe universe /cDavid Bergamini a128 halaman ;c26 cm aIndeks 4aAntariksa aYOPDYOG aNew York :bTime-Life Books,c1968 2rdacontent 2rdamedia 2rdacarrier a18593-a